Govt. of
Madhya Pradesh

Normal view MARC view

Entry Topical Term

Number of records used in: 1

001 - CONTROL NUMBER

  • control field: 22216

003 - CONTROL NUMBER IDENTIFIER

  • control field: OSt

005 - DATE AND TIME OF LATEST TRANSACTION

  • control field: 20151222164150.0

008 - FIXED-LENGTH DATA ELEMENTS

  • fixed length control field: 151222|| aca||aabn | a|a d

040 ## - CATALOGING SOURCE

  • Original cataloging agency: OSt
  • Transcribing agency: OSt

150 ## - HEADING--TOPICAL TERM

  • Topical term or geographic name entry element: Letters

670 ## - SOURCE DATA FOUND

  • Source citation: Work cat.: (OSt)40871: Das, Durga 22215, Sardar Patels Correspondence 1945-50, 1973